Statistics for Reckless - Madison Beer (all lyrics)

Click here to take the quiz!

General Stats

  • This quiz has been taken 71 times
  • The average score is 260 of 290

Answer Stats

Lyrics% Correct
a
98%
and
98%
And
98%
I
98%
i
98%
me
98%
me,
98%
so
98%
you
98%
You
98%
but
95%
But
95%
her"
95%
her
95%
How
95%
is
95%
my
95%
reckless?
95%
reckless
95%
story
95%
This
95%
to
95%
we
95%
with
95%
your
95%
could
93%
ever
93%
go
93%
hate
93%
heart
93%
heart?
93%
Heart
93%
Hey
93%
in
93%
never
93%
Said
93%
said
93%
the
93%
when
93%
about
90%
anyway
90%
be
90%
first
90%
hurt
90%
night
90%
night,
90%
on
90%
somebody
90%
tell
90%
told
90%
was
90%
break
88%
by
88%
cry
88%
day
88%
Each
88%
each
88%
friends
88%
goes
88%
last
88%
love
88%
might
88%
word,
88%
word
88%
"Don't
85%
girl
85%
guess
85%
here
85%
I'll
85%
life
85%
now,
85%
only
85%
right
85%
saw
85%
star
85%
that
85%
want
85%
were
85%
worry
85%
'bout
83%
every
83%
gave
83%
have
83%
house
83%
it
83%
letter
83%
loved
83%
make
83%
still
83%
wrote
83%
you'd
83%
are
80%
can
80%
else
80%
if
80%
i'm
80%
out
80%
sorry
80%
swore
80%
tellin'
80%
went
80%
always
78%
guys
78%
hell
78%
nobody
78%
of
78%
oh
78%
Oh,
78%
relate
78%
there
78%
up
78%
both
76%
chapter's
76%
got
76%
hope
76%
left
76%
Then
76%
hotel
73%
like
73%
pain
73%
someone's
73%
cope
71%
she
68%
check
66%
well
66%
must
63%
perfect,
63%

Score Distribution

Percentile by Number Answered

Percent of People with Each Score

Your Score History

You have not taken this quiz